[Event "SRB-chT"]
[Site "Kragujevac"]
[Date "2015.08.20"]
[Round "1.1"]
[White "Miljkovic, Miroslav D"]
[Black "Atalik, Suat"]
[Result "1/2-1/2"]
[WhiteElo "2493"]
[BlackElo "2565"]
[Annotator "Atalik,S"]
[PlyCount "96"]
[EventDate "2015.08.20"]
[EventType "team-tourn"]
[EventRounds "11"]
[EventCountry "YUG"]
[SourceTitle "EXT 2016"]
[Source "ChessBase"]
[SourceDate "2015.10.08"]
[SourceVersion "1"]
[SourceVersionDate "2015.10.08"]
[SourceQuality "1"]
[WhiteTeam "Kragujevac Radnicki"]
[BlackTeam "Kraljevo Sloga Turist"]
[WhiteTeamCountry "SRB"]
[BlackTeamCountry "SRB"]

1. d4 d5 2. c4 ({Even} 2. Nf3 Nf6 3. c4 c5 {is possible.}) 2... c5 $5 {A
surprising decision for the first round.} 3. cxd5 Qxd5 4. Nf3 (4. e3 $5 {
is a serious alternative to the established theoretical lines.}) 4... cxd4 5.
Qxd4 {A solid move including an immediate queen exchange.} (5. Nc3 Qa5 6. Nxd4
Nf6 7. g3 e5 8. Nb3 Qc7 9. Bg2 Bb4 10. O-O Bxc3 11. bxc3 O-O $14 {is my game
on the White side of the board against GM Ulibin from Paracin 2013.}) 5... Qxd4
(5... Nf6 6. Nc3 Qxd4 7. Nxd4 a6 {is the main line but I wanted to improve if
it is possible.}) 6. Nxd4 a6 7. g3 {Now the game takes an interesting turn.} (
7. Nc3 Nf6 (7... e5 8. Nd5 Ra7 {looks very artificial.}) 8. g3 e5 9. Nb3 Bd7
10. Bg2 Bc6 11. O-O Bb4 12. Bd2 Bxg2 13. Kxg2 Nc6 $14 {goes back to the main
line.}) 7... e5 8. Nb3 $146 (8. Nf3 f6 $5) 8... Bd7 9. Bg2 Bc6 10. O-O Bxg2 11.
Kxg2 Nc6 12. Be3 Nf6 13. N1d2 $5 {White has a small but rather nasty
positional pull after this move which made me to regret my opening choice.} Nd5
14. Bc5 Bxc5 15. Nxc5 O-O-O $5 (15... b6 16. Nb7 $5 (16. Nce4 Ke7 $11 {is a
serious alternative to the text.}) (16. Na4 O-O-O) 16... Ke7 17. Rac1 Rhb8 18.
Rxc6 Rxb7 $14) 16. Rfd1 Nf6 17. Rac1 {An important tempo wasted during the
attack.} (17. Nc4 Kc7 18. Rdc1 $1 $40) 17... Kc7 18. a3 $6 ({Why not} 18. Nc4 {
at once?}) 18... Rd5 19. Nde4 Rxd1 20. Rxd1 Nxe4 21. Nxe4 Rd8 22. Rxd8 $6 (22.
Rc1 Rd4 23. Kf3) 22... Nxd8 {After this only Black could be better because of
the black king breaking towards the center or to the queenside before his
counterpart.} 23. Kf3 Kc6 24. Ke3 ({It is very difficult to appreciate} 24. Nc3
Kc5 $1 25. Ke4 Kc4 26. Kxe5 Kb3 {but it contains risks especially for White.})
24... f5 25. Nd2 Kd5 26. Kd3 e4+ 27. Kc3 Nc6 28. Nc4 b5 29. Ne3+ Ke5 30. Nc2 g5
31. b3 {I have based my hopes into this knights ending but White's position is
much more resilient than it seems.} h5 (31... f4 32. a4 $1 {is similar to the
game.}) 32. a4 $1 ({Certainly not} 32. Nb4 $2 Nd4 33. Nxa6 Nxe2+ 34. Kb4 (34.
Kd2 Nd4) 34... f4 $19) ({but} 32. e3 f4 33. Nb4 $11 {is another way to handle
this position.}) 32... f4 33. axb5 $6 $138 {A small inexactitude due to
shortage of time.} ({Simplest is} 33. e3 $1 bxa4 (33... f3 34. Nb4) (33... fxg3
34. fxg3 g4 35. Nb4 Ne7 $11) 34. bxa4 fxg3 35. fxg3 Kf5 36. Nd4+ Nxd4 37. Kxd4
Kg4 38. Kxe4 Kh3 39. Kf5 Kxh2 40. e4 Kxg3 41. e5 h4 $11) 33... axb5 34. gxf4+
Kxf4 $1 {At least I could have broken to one flank.} (34... gxf4 35. b4) 35.
Ne3 Ke5 (35... h4 36. b4 h3 37. Nd5+ Ke5 38. Ne3 {looks also tough to crack.})
36. Kd2 g4 $2 {These type of moves always lock the position unnecessarily.} (
36... Nd4 37. b4 Nc6 38. Nc2 Kf4 (38... Kd5 39. Kc3) 39. Ke1 (39. Na3 e3+ 40.
fxe3+ Kg4 41. Nxb5 Kh3 42. Nd4 Nxb4 43. Ne6 g4 44. Nf4+ $11) 39... Kg4 40. Kf1
Kh3 41. Kg1 g4 (41... h4 42. f3 $1 $11) 42. Kh1 h4 43. Kg1 g3 44. hxg3 hxg3 45.
fxg3 Kxg3 46. Kf1 $11 {proves that even passivity works in this position.}) 37.
Nc2 $1 b4 (37... Nd4 38. Nxd4 Kxd4 39. e3+ Kc5 40. Kc3 b4+ 41. Kd2 h4 42. Ke1
Kd5 43. Kf1 Ke5 44. Kg2 Kf5 45. Kg1 $11 {It is a position where the space
advantage does not really works since White allows no breaks.}) 38. Ke1 Kf4 39.
Ne3 h4 40. Kf1 $11 h3 41. Nc2 Ke5 42. Ke1 Nd4 43. Nxb4 (43. Nxd4 $4 Kxd4 44.
Kd2 e3+ $19 {is just for wishful thinkers.}) 43... Nxb3 44. Nc2 Kf5 45. Ne3+
Kf4 46. Nd5+ Ke5 47. Ne3 Kf4 48. Nd5+ Ke5 1/2-1/2

[Event "SRB Central-ch op-A 6th"]
[Site "Paracin"]
[Date "2013.07.12"]
[Round "9"]
[White "Atalik, Suat"]
[Black "Ulybin, Mikhail"]
[Result "0-1"]
[WhiteElo "2568"]
[BlackElo "2529"]
[Annotator "Atalik,S"]
[PlyCount "116"]
[EventDate "2013.07.05"]
[EventType "swiss"]
[EventRounds "9"]
[EventCountry "SRB"]
[SourceTitle "CBM 158"]
[Source "ChessBase"]
[SourceDate "2014.01.16"]
[SourceVersion "1"]
[SourceVersionDate "2014.01.16"]
[SourceQuality "1"]

1. d4 {I had to win this game in order to catch the leaders and become equal
first in the tournament.} d5 2. c4 c5 $5 {O'Kelly liked this a lot.} 3. cxd5 {
The normal capture.} (3. dxc5 d4 4. a3 a5 5. e3 e5 6. exd4 exd4 7. Nf3 Bxc5 8.
Bd3 Nc6 9. O-O Nge7 $13) 3... Qxd5 4. Nf3 cxd4 5. Nc3 (5. Qxd4 $5 Nf6 6. Nc3
Qxd4 7. Nxd4 $14) 5... Qa5 6. Nxd4 Nf6 7. g3 e5 8. Nb3 Qc7 {A historical
position. This opening has been picked up by Mamedyarov and Ulibin+Gleizerov
recently.} 9. Bg2 Bb4 10. O-O (10. Qd3 O-O 11. O-O (11. Bg5 Rd8 12. Qf3 $5)
11... Rd8 12. Qb5 $5 {are also interesting ideas I was pondering about in the
game.}) (10. Bd2 O-O 11. O-O Rd8 12. Qc1 {I find White's position good and
solid but also a little bit confined.}) 10... Bxc3 11. bxc3 O-O 12. Bg5 $1 {
I already started to brew the sacrifice on h6 in my mind albeit it may not be
the soundest variation I had at my disposal.} (12. Be3 $5 Rd8 13. Qb1 $5 $13)
12... Nbd7 13. c4 $1 h6 (13... Qxc4 14. Rc1 Qg4 (14... Qa4 15. Qc2) (14... Qa6
15. Qd2) 15. Be3 Nb6 16. Nc5 Nc4 17. Bd4 Qxd4 18. Qxd4 exd4 19. Rxc4 $44) 14.
Be3 Nb6 $1 15. c5 (15. Bxb6 $2 axb6 $15) (15. Rc1 Rd8 16. Qc2 $1 (16. Qe1 a5)
16... a5 17. Nd2 $14) (15. Na5 Nxc4 16. Nxc4 Qxc4 17. Qd2) 15... Nc4 16. Qc1
Be6 17. Bxh6 $1 {This is the natural follow-up in my plan, so no matter what
happens I had to commit myself to it.} (17. Rd1 $6 Rfd8 18. Qc3 Nd5 19. Bxd5
Rxd5 20. Rxd5 Bxd5 21. Nd2 $15) 17... gxh6 18. Qxh6 Nh7 $1 (18... Ng4 $2 19.
Qg5+ Kh7 (19... Kh8 20. h3 $18) 20. Be4+ f5 21. Qxg4 $18) 19. f4 $2 {This is a
terrible move!} (19. Be4 f6 20. Rac1 $5 (20. Rab1 Rab8 21. Rfd1 Qg7 22. Qxg7+
Kxg7 23. Bd5 Bxd5 24. Rxd5 Ng5 25. Rc1 b5 26. cxb6 Nxb6 27. Ra5 Rf7)) (19. Rac1
$5 {should be squeezed into any plan since Black's Nc4 is shaky.}) 19... Ne3
20. Be4 Bf5 (20... Nf5 $4 21. Qh5) 21. Bxf5 Nxf5 22. Qh5 Nd4 $1 (22... Ng7 $6
23. Qxe5 Qxe5 24. fxe5 Rae8 25. Rad1 Re7 26. Rd5 $15) 23. Qxe5 (23. fxe5 Nxb3
24. axb3 Qxc5+ 25. Kg2 Qc6+ 26. Rf3 Qg6 $17) (23. Rac1 Rae8 24. e3 Nxb3 25.
axb3 exf4 26. exf4 Qc6 $17) 23... Qxe5 24. fxe5 Nc6 $1 $19 {It is clear that
Black is practically winning after this good move.} (24... Nxe2+ 25. Kg2 Ng5
26. Na5 b6 27. cxb6 axb6 28. Nc4 $132) 25. Rab1 Rad8 26. Nc1 Rd7 27. Nd3 Re8
28. Rf5 $6 (28. Rf4 Nxe5 29. Re4 f6 30. h4 Kf7 $17) 28... Nd4 29. Rf2 Ng5 30.
Kg2 Ne4 $138 31. Rf4 Nc3 32. c6 $1 {The only move to mess things up in his
time trouble.} Nxc6 33. Nc5 Rde7 (33... Rd5 34. Rxb7 Rxc5 35. Rfxf7 Nd8 36.
Rg7+ Kf8 37. Rxa7 Rexe5 38. Rh7 Rxe2+ 39. Kh3 Rg5 $19 {is more difficult to
convert considering the usual impotence of a pair of knights.}) 34. Rb3 (34.
Rg4+ Kf8 35. Rxb7 Rxb7 36. Nxb7 Nxe5 37. Rh4 Ng6 38. Rc4 Nd1 $1 $19) 34... Nxe2
35. Rg4+ Kf8 36. e6 $1 fxe6 37. Rb2 Ncd4 (37... Ned4 $142 38. Nxb7 Nf5 $19) 38.
Re4 Rc8 39. Nd3 (39. Nxe6+ Rxe6 40. Rxe6 Nxe6 41. Rxe2 Nd4 42. Re4 Rc2+ 43. Kh3
Rd2 $19) 39... Rec7 $1 40. Ne1 {This is how I won back an exchange but his
position was still winning with the remaining material due to the queenside
majority.} b6 41. Rexe2 Nxe2 42. Rxe2 Rc3 43. h4 ({An exchange of rooks should
be avoided at any cost:} 43. Rxe6 Re8 $2) 43... Ke7 44. Kh3 Rg8 $1 45. Rg2 b5
$19 46. h5 {I decided not to move the knight.} (46. Nc2 a5 47. Nd4 b4 48. Nb5
Rc4 $19) 46... b4 47. Kh4 a5 48. g4 a4 49. h6 b3 50. axb3 axb3 51. g5 Re3 $1 {
This great move conceivably terminates the game.} 52. Rg1 (52. g6 Rxe1 53. g7
Kf6 $19) (52. h7 Rh8 53. g6 Kf6 $19 (53... Rxe1 $5 54. Kg5 Rh1 55. Rb2 (55. g7
R1xh7 56. gxh8=Q Rxh8 57. Rb2 Rb8 $19) 55... Rb8 $19)) (52. Rb2 Rxe1 53. Rxb3
Rh1+) 52... b2 53. Ng2 Re4+ 54. Kh5 Re5 55. h7 Rgxg5+ 56. Kh6 Rh5+ 57. Kg7
Reg5+ 58. Kh8 Rxg2 {This result secured Ulibin's first place and kicked me
down to 10th.} 0-1

[Event "Bodensee op"]
[Site "Bregenz"]
[Date "2016.05.08"]
[Round "9"]
[White "Nikolic, Predrag"]
[Black "Ulybin, Mikhail"]
[Result "1-0"]
[WhiteElo "2622"]
[BlackElo "2521"]
[Annotator "Besenthal,K"]
[PlyCount "89"]
[EventDate "2016.04.30"]
[EventType "swiss"]
[EventRounds "9"]
[EventCountry "AUT"]
[SourceTitle "CBM 172 Extra"]
[Source "ChessBase"]
[SourceDate "2016.06.21"]
[SourceVersion "1"]
[SourceVersionDate "2016.06.21"]
[SourceQuality "1"]

1. d4 d5 2. c4 c5 3. cxd5 Qxd5 4. Nf3 cxd4 5. Nc3 Qa5 6. Nxd4 Nf6 7. g3 e5 8.
Nb3 Qc7 9. Bg2 Bb4 10. Bd2 O-O 11. O-O {Diagramm [#]} Nc6 ({Oder} 11... Rd8 12.
Rc1 Nc6 13. Qc2 Be6 14. Bg5 Rac8 15. Bxf6 gxf6 16. e3 Kg7 17. Rfd1 Na5 18. Nxa5
Bxa5 19. Rxd8 Rxd8 20. Qe2 a6 21. a3 b5 22. b4 Bb6 23. Qb2 Qd7 24. h4 Qe7 25.
Ne4 Bc4 26. Nd2 Be6 27. Rc6 Qa7 28. Ne4 Rd3 29. Qe2 Rxa3 30. Rxe6 fxe6 31. Qg4+
Kf8 32. Qxe6 Bd8 33. Nc5 Ra1+ 34. Kh2 Qe7 35. Qg4 Qf7 36. Qc8 Rd1 37. Be4 Rd2
38. Kg2 Qa2 39. Qf5 Qf7 40. h5 Bb6 41. Qc8+ Kg7 42. h6+ Kxh6 43. Qxa6 Qa2 44.
Qxb6 Rxf2+ 45. Kg1 Qe2 {0-1 (45) Wang,Y (2718)-Mamedyarov,S (2747) Huaian 2016}
) 12. Rc1 Bf5 13. Qe1 Bxc3 {Gegen e2-e4 gerichtet.} 14. Bxc3 Be4 15. Bh3 Bd5
16. Nd2 Rfe8 17. b3 Rad8 18. e4 Be6 19. Bxe6 Rxe6 20. Qe2 h6 21. Nf3 Qb6 22.
Rfe1 a6 23. Kg2 Qb5 24. Qxb5 axb5 25. Re2 Ra8 26. Be1 {Diagramm [#] Bis
hierhin war die Partie vor sich hin geplätschert, auch wenn Schwarz mit der
Öffnung der a-Linie (auf Kosten der Struktur) etwas Aktivität an den Tag
gelegt hatte. Jetzt führt der Nachziehende eine weitere Veränderung der
Struktur herbei, die leicht nachteilig für ihn ist.} Nd4 $6 27. Nxd4 exd4 28.
Rd1 (28. f3 $1 {kam in Frage.}) 28... Rxe4 29. Rxe4 Nxe4 30. Rxd4 Nc5 {
Diagramm [#]} 31. h4 $2 (31. Bb4 $1 b6 32. Rd5 $14) 31... Ne6 $6 (31... Rxa2 $1
32. Rd5 Nxb3 33. Rxb5 Nc1 34. Rxb7 $11) 32. Rd5 Rxa2 33. Rxb5 Ra7 34. Bd2 Nc7
35. Rb6 Nd5 36. Rd6 {Schwarz hat sich zuletzt noch ein paar passive Züge
geleistet - plötzlich ist der weiße Vorteil einen Bauern wert!} Nf6 37. Bxh6
Ra3 38. Bg5 Ne4 39. Rb6 Nxg5 40. hxg5 Ra7 41. f4 Kf8 42. Kf3 Ke7 43. Ke4 Kd7 {
Diagramm [#]} 44. g6 $1 {Schafft die berühmte "zweite Schwäche".} f6 45. Rb4
1-0

[Event "Riga zt"]
[Site "Riga"]
[Date "1995.??.??"]
[Round "4"]
[White "Ehlvest, Jaan"]
[Black "Rausis, Igors"]
[Result "1-0"]
[WhiteElo "2615"]
[BlackElo "2495"]
[Annotator "Chekhov,V"]
[PlyCount "85"]
[EventDate "1995.03.??"]
[EventType "tourn"]
[EventRounds "13"]
[EventCountry "LAT"]
[EventCategory "10"]
[SourceTitle "CBM 047"]
[Source "ChessBase"]
[SourceDate "1995.08.01"]
[SourceVersion "1"]
[SourceVersionDate "1995.08.01"]
[SourceQuality "1"]

1. d4 {Hecht} d5 2. c4 Bf5 3. cxd5 (3. Nf3 e6 4. Nc3 (4. Qb3 Nc6 5. c5 Rb8 6.
Bf4 f6 $1 7. e3 g5 8. Bg3 Nge7 $15 {Bareev,E-Speelman,J/Hastings/9293/}) 4...
Nf6 5. Bg5 c6 6. Bxf6 Qxf6 7. Qb3 $14 {Stangl,M-Dautov,R/Altensteig/1994/1:0/
79/}) 3... Bxb1 4. Qa4+ c6 5. dxc6 Nxc6 6. Rxb1 Qxd4 (6... e5 7. Bd2 Qxd4 8.
Qxd4 Nxd4 (8... exd4 $5 9. g3 Bc5 10. Bg2 Nge7 11. Nh3 a5 12. Nf4 $14 {Kaunas,
K-Rausis,I/Riga(zt)/1995/}) 9. Nf3 (9. e3 $5 Nc6 10. Bb5 Bd6 11. Bxc6+ bxc6 12.
Nf3 Ne7 13. e4 $14 {Shirov/}) 9... Nc6 10. e4 Nf6 $1 $13 {Kuzmin,A-Shirov,A/
Moscow/1991/0,5/20/}) 7. Qxd4 Nxd4 8. e3 (8. Nf3 Nc2+ $1 9. Kd1 Nb4 10. Bd2 e6
11. e3 a6 $10) 8... Nc6 9. b4 $5 (9. Bb5 Rc8 $1 (9... e6 10. Bxc6+ bxc6 11. Nf3
$14) 10. Nf3 e6 {/\Bd6,Ne7= Shirov/}) 9... e6 10. a3 Bd6 11. Nf3 Nf6 12. Bb2
Ke7 13. g3 $1 Rac8 14. Bg2 Rhd8 15. Ke2 $14 g6 16. Rbc1 Nd5 17. Rhd1 f6 $6 (
17... Nb6 $5 {/\a5!/}) 18. Rd2 a6 (18... Nb6 $5) 19. Rdc2 f5 (19... a5 $5 20.
b5 (20. bxa5 Ra8) 20... Na7 21. a4 Rxc2+ 22. Rxc2 Rc8) 20. h3 (20. Ng5 $1 h6
21. Bxd5 exd5 22. Nf3) 20... Na7 (20... a5 21. b5 Na7) 21. Ng5 h6 22. Nf3 (22.
Bxd5 exd5 23. Nf3 $14) 22... Rxc2+ 23. Rxc2 Rc8 $6 (23... Nc6 $5) 24. Rxc8 Nxc8
25. Ne5 Bxe5 (25... g5 26. e4 fxe4 27. Bxe4 $16) 26. Bxe5 $14 Nd6 27. Kd3 h5
28. h4 Kd7 29. Bxd5 exd5 30. Bxd6 Kxd6 {Hecht: 6P<->6P. w Raumvorteil, s
Bauernschwächen s Felderschwächen.} 31. Kd4 b6 32. a4 Ke6 33. f3 Kd6 34. Kc3 (
34. a5 $1) 34... Ke5 35. Kd3 Ke6 36. Kc3 Ke5 37. Kd3 Ke6 38. Kd4 Kd6 39. a5 $1
$18 bxa5 40. bxa5 Kc6 41. Ke5 Kb5 (41... Kc5 42. Kf6 Kb5 43. Kxg6 Kxa5 44. Kxh5
Kb5 45. Kg6 a5 46. h5 $18) 42. Kxd5 Kxa5 43. Kc5 (43. Kc5 Ka4 44. e4 fxe4 45.
fxe4 a5 46. e5 Kb3 47. e6 $18) 1-0

[Event "Muenster op"]
[Site "Muenster"]
[Date "1993.??.??"]
[Round "8"]
[White "Lagunow, Alexander"]
[Black "Hohelj, Stanislav"]
[Result "0-1"]
[WhiteElo "2420"]
[BlackElo "2305"]
[Annotator "ChessBase"]
[PlyCount "64"]
[EventDate "1993.10.??"]
[EventType "swiss"]
[EventRounds "9"]
[EventCountry "GER"]
[SourceTitle "EXT 1999"]
[Source "ChessBase"]
[SourceDate "1998.11.16"]
[SourceVersion "1"]
[SourceVersionDate "1998.11.16"]
[SourceQuality "1"]

{Hohelj,S.} 1. d4 d5 2. c4 Bf5 3. cxd5 Bxb1 4. Qa4+ c6 5. Rxb1 Qxd5 6. Nf3 Nd7
7. a3 Ngf6 8. e3 $2 {8.Dc2! /\e3,Lc4} Qf5 $1 9. Ra1 $8 e5 $11 10. Be2 (10. dxe5
Nxe5 11. Nxe5 Qxe5 $13 {/\...Ld6}) 10... e4 11. Nd2 Nb6 12. Qc2 Qg6 $8 (12...
Bd6 $2 13. Bf3 $18) 13. g4 $8 (13. O-O Bd6 $15) 13... O-O-O $1 (13... Bd6 $2
14. g5 {/\Sxe4}) 14. h4 $1 (14. g5 Qxg5 15. Nxe4 Qg2 16. Ng3 Bd6 $17) 14...
Nxg4 15. h5 Qf5 16. Nxe4 Kb8 {/\...Sxf2} 17. Rh4 Nh6 18. Bd2 Be7 19. Rh1 Ng4
20. Bd3 Qf3 21. Rg1 $4 (21. Rf1 f5 $40) 21... Bh4 22. Rxg4 $8 Qxg4 23. Qd1 Qg1+
24. Ke2 Qg4+ 25. Kf1 Qh3+ 26. Kg1 {26.Ke2 f5-+} Rd5 $1 {/\...Txh5; Lxf2-+} 27.
Be2 f5 $1 28. Nc3 f4 $8 (28... Rd6 29. Qf1 $17) 29. Nxd5 Bg3 $8 30. fxg3 fxg3
31. Qe1 Qh2+ 32. Kf1 Qh1# 0-1

[Event "FRA-chT Gp-B"]
[Site "France"]
[Date "2003.02.02"]
[Round "3"]
[White "Flear, Glenn C"]
[Black "Sermier, Guillaume"]
[Result "1-0"]
[WhiteElo "2503"]
[BlackElo "2379"]
[Annotator "Dautov,R"]
[PlyCount "55"]
[EventDate "2003.01.31"]
[EventType "team"]
[EventRounds "7"]
[EventCountry "FRA"]
[SourceTitle "CBM 094"]
[Source "ChessBase"]
[SourceDate "2003.05.26"]
[SourceVersion "1"]
[SourceVersionDate "2003.05.26"]
[SourceQuality "1"]
[WhiteTeam "Montpellier"]
[BlackTeam "Besancon"]
[WhiteTeamCountry "FRA"]
[BlackTeamCountry "FRA"]

1. d4 d5 2. c4 Bf5 3. cxd5 Bxb1 4. Qa4+ c6 5. Rxb1 Qxd5 6. Nf3 Nd7 7. b4 {
Eine plausible Verteidigung gegen die schwarz Drohung 7...Nb6. Der andere
logische Zug ist 7.a3.} (7. e3 Nb6 8. Qc2 (8. Qb3 Qxb3 9. axb3 Nf6 $11) 8...
Qxa2 $13) 7... Ngf6 {Schwarz setzt vorerst auf eine schnelle Entwicklung, aber
die taktischen Komplikationen lassen nicht lange auf sich warten.} (7... e5 $5)
(7... e6 $5 8. e3 $140 a5) 8. e3 e6 9. Qc2 Bd6 10. Bd3 Qh5 11. h3 {Weiß möchte
in Ruhe rochieren und ergreift Maßnahmen gegen den möglichen gegnerischen
Angriff mit g7-g5. Vergebens, denn in den Genuß einer Rochade kommen die
beiden Könige in dieser Partie nicht!} (11. e4 e5 12. b5 Rc8 13. bxc6 Rxc6 14.
Qe2 O-O 15. Bd2 b6 16. d5 Rc7 17. O-O Nc5 $11 {Ionov,S-Vlassow,V/St Petersburg
2001}) (11. O-O g5 $5) 11... g5 $2 ({Besser war} 11... O-O 12. O-O e5 $11) 12.
e4 g4 13. Nd2 e5 14. d5 $1 {Eine kreative, menschliche Entscheidung. Flear
opfert zwei Bauern für Aktivität.} ({FRITZ findet sofort eine andere
Möglichkeit, die zentralisierte Position des schwarzen Monarchen auszunutzen:} 
14. Ba6 $1 bxa6 15. Qxc6 Ke7 16. Nc4 $16) 14... cxd5 15. exd5 Nxd5 16. Ne4 $1
Bxb4+ 17. Kf1 $36 {Angesichts mehrerer Drohungen - Ng3, Qb3- hat es Schwarz
nicht leicht, einen richtigen Zug zu finden.} Kd8 $2 (17... O-O $2 18. Ng3 $18)
(17... N7b6 18. Bb5+ Kf8 19. Rxb4 Rc8 20. Qd2 Nxb4 21. Qxb4+ Kg7 22. Bg5 $16)
18. Bg5+ $2 ({Einfacher war} 18. Qb3 $1 N7b6 19. Bc4 Nxc4 20. Qxc4 $18) 18...
f6 19. Bxf6+ N7xf6 20. Nxf6 Nxf6 21. Rxb4 Qf7 $2 (21... Rc8 $142 $13) 22. Bf5
$1 g3 23. Ke2 $16 {Nun stürzen sich alle weißen Figuren auf den schwarzen
König.} gxf2 24. Rd1+ Ke8 25. Qc5 $18 Qxa2+ (25... f1=Q+ 26. Kxf1 Nd7 27. Rxd7
Qxf5+ 28. Kg1 Qxd7 29. Qxe5+ $18) 26. Kf1 Qa6+ 27. Kxf2 Qe6 28. Bxe6 1-0

[Event "Dortmund"]
[Site "Dortmund"]
[Date "1992.??.??"]
[Round "5"]
[White "Piket, Jeroen"]
[Black "Bareev, Evgeny"]
[Result "0-1"]
[WhiteElo "2615"]
[BlackElo "2635"]
[Annotator "Dautov,R"]
[PlyCount "45"]
[EventDate "1992.04.16"]
[EventType "tourn"]
[EventRounds "9"]
[EventCountry "GER"]
[EventCategory "17"]
[SourceTitle "CBM 029"]
[Source "ChessBase"]
[SourceDate "1992.08.01"]
[SourceVersion "1"]
[SourceVersionDate "1992.08.01"]
[SourceQuality "1"]

1. Nf3 {Ftacnik} d5 2. d4 Bf5 3. c4 e6 4. Qb3 Nc6 5. c5 (5. Bd2 Rb8 (5... dxc4
6. Qxb7 Nge7 7. Qb5 Rb8 8. Qa4 Rxb2 9. Na3 Qd7 (9... Rxd2 $5) 10. Nxc4 Rb8 11.
e3 Nb4 12. Qxd7+ Kxd7 13. Bxb4 Rxb4 14. Nce5+ Ke8 15. Bd3 $14 {Botvinnik,
M-Smyslov,V Moskva(m/8) 1954}) 6. cxd5 $5 (6. e3 Nf6 7. c5 a6 8. Qa4 Qd7 9. b4
Ne5 $5 10. Qxd7+ Nexd7 $10) 6... exd5 7. Nc3 Nf6 8. Bg5 Be6 (8... Bb4 $5) 9. e3
Be7 10. Bb5 $1 O-O 11. Bxc6 bxc6 12. Qc2 Qd6 13. O-O $14 {Dorfman-Knezevic
Polanica Zdroj 1978}) 5... Rb8 (5... a5 6. Bf4 (6. a3 $5) 6... Nb4 7. Na3 Ne7
8. g4 Be4 9. h4 Nec6 $13 {Conquest,S-Bjornsson,BF Hafnarfirdi 1992}) 6. Nc3 Be7
$1 (6... e5 7. e4 $1 exd4 8. exf5 dxc3 9. Bb5 Bxc5 10. O-O Nf6 11. Qxc3 Qd6 12.
Bf4 $14 {Portisch,L-Keres,P Wijk aan Zee 1969}) (6... Nf6 7. Bf4 a6 8. e3 Be7
9. Be2 Ne4 10. Nxe4 Bxe4 11. O-O g5 (11... O-O 12. Ne5 Nxe5 13. Bxe5 $14) 12.
Bg3 h5 13. Nd2 h4 14. Nxe4 dxe4 15. Be5 f6 16. Qxe6 Qd7 17. Qxd7+ Kxd7 18. Bg4+
Kd8 19. Bxc7+ Kxc7 20. d5 Ne5 21. d6+ Kc6 22. Bf5 Bf8 23. Rac1 Kd5 24. Rfd1+
Nd3 25. Bxe4+ Kxe4 26. Rc4+ Ke5 27. Rxd3 $14 {Olafsson,H}) 7. h3 (7. Bf4 g5 8.
Bg3 g4 9. Ne5 Nxd4 10. Qa4+ Nc6 11. Nxc6 bxc6 12. Qxc6+ Qd7 13. Qxd7+ Kxd7 14.
O-O-O Nf6 15. Be5 Kc6 $13) (7. e3 a6 8. Qa4 Bf6 $10) 7... Nf6 (7... Bf6 $5 8.
e3 h6 9. Bb5 Nge7 $132) 8. Bf4 a6 9. e3 Ne4 10. Be2 (10. Nxe4 Bxe4 11. Be2 g5 (
11... O-O {Ftacnik} 12. O-O Bf6 13. Rac1 $10) 12. Bg3 h5 13. Qa4 Qd7 14. b4 $13
) 10... g5 11. Bh2 h5 12. Nxe4 $6 (12. Ne5 $142 $1 Nxe5 13. Bxe5 f6 14. Bh2 Kf7
15. Nxe4 Bxe4 16. f3 Bg6 17. O-O $14) 12... Bxe4 $36 13. O-O-O $2 (13. Bd3 $5
$10) (13. O-O {Ftacnik} g4 14. hxg4 hxg4 15. Nd2 Bf5 16. f3 $13) 13... b6 $40
14. Nd2 (14. Qa4 Qd7 15. Bxa6 (15. cxb6 $142 Rxb6 16. Bd3) (15. Qxa6 {Ftacnik}
Bxf3 16. gxf3 bxc5 (16... Nb4 17. Qa7 Rc8 18. a3 Nc6 19. Qa4 $16) 17. dxc5 Nd8
18. Be5 $14) 15... Ra8 $17) 14... Bg6 (14... Bxg2 {Ftacnik} 15. Rhg1 Bxh3 16.
Qa4 Qd7 $13) 15. Bxa6 (15. Qa4 {Ftacnik} Qd7 16. Bxa6 $13) 15... bxc5 16. Qa4
O-O $1 17. dxc5 (17. Qxc6 Rb6 18. Qa4 Qa8 19. Bb5 (19. Qd7 Qxa6 20. Qxe7 Qxa2
$19) 19... Qb7 20. Be2 Ra8 (20... Rxb2 {Ftacnik} 21. dxc5 Rc2+ 22. Qxc2 Bxc2
23. Kxc2 Ra8 24. Rb1 Rxa2+ 25. Kd1 $17) 21. Qd7 Rxb2 $19 (21... Rxb2 22. e4
Raxa2 23. Qxe7 Rb1+ 24. Nxb1 Qb2#)) 17... Qd7 (17... Nb4 $1 {Ftacnik} 18. Nb3
Bc2 19. Be2 (19. Rd2 Bxb3 20. axb3 Nxa6 21. Qxa6 Ra8 $19) 19... Bxc5 $19) 18.
Nb3 (18. Bb5 Rxb5 19. Qxb5 Nd4 $1 20. Qf1 (20. Qa6 Qa4 $1 21. Qxa4 Ne2#) 20...
Qa4 21. Nb3 Qxb3 $19 (21... Qxb3 {Ftacnik} 22. axb3 Nxb3#)) 18... Rb4 19. Qa3
Ra8 $19 20. Rd2 Ra7 {/\Qe8-a8} (20... Rb6 {Ftacnik} 21. cxb6 Bxa3 22. Bb7 Rb8
23. bxa3 Rxb7 $19) 21. Kd1 Qe8 22. Nd4 Bxc5 23. Qa4 (23. f4 {Ftacnik} Rxd4 24.
Qxc5 Rxd2+ 25. Kxd2 Rxa6 $19) 0-1